Estudios de literatura chilena

-д хадгалсан:
Номзүйн дэлгэрэнгүй
Үндсэн зохиолч: Melfi Demarco, Domingo (autor)
Формат: Ном
Хэл сонгох:испани
Хэвлэсэн: Santiago Nascimento 1938
Нөхцлүүд:
Шошгууд: Шошго нэмэх
Шошго байхгүй, Энэхүү баримтыг шошголох эхний хүн болох!

MARC

LEADER 00000nam a2200000 a 4500
001 UCZ1513
003 CL-VaPUC
008 950824e19380000CL |||||||||||||||||spa|d
082 0 4 |a Ch860.9  |b MEL  |2 21 
100 |a Melfi Demarco, Domingo  |e autor  |9 345076 
245 1 0 |a Estudios de literatura chilena 
300 |a 230 p 
942 |c BK 
945 |d 19950824 00:00:00  |a rbrito 
260 |a Santiago  |b Nascimento  |c 1938 
650 0 |a Literatura chilena   |9 308278 
650 0 |a Crítica literaria   |9 269189 
583 |a last modification  |c 19950824 00:00:00  |k Rodrigo Vera 
999 |c 238253  |d 238251 
952 |0 0  |1 0  |4 0  |6 CH_860_900000000000000_MEL_1938  |7 0  |8 A  |9 248289  |a BIBEDU  |b BIBEDU  |d 2019-11-18  |i 3106578  |o Ch860.9 MEL 1938  |p 3106578  |r 2019-11-18  |w 2019-11-18  |y BK  |k LIT 
952 |0 0  |1 0  |4 0  |6 CH_860_900000000000000_MEL_1938  |7 0  |8 A  |9 248290  |a BIBEDU  |b BIBEDU  |d 2019-11-18  |i 1443372  |o Ch860.9 MEL 1938  |p 1443372  |r 2019-11-18  |w 2019-11-18  |y BK  |k LIT